000 00810nam a2200265Ia 4500
003 OSt
005 20220930093521.0
006 a|||||r|||| 00| 0
007 ta
008 220926b |||||||| |||| 00| 0 eng d
024 _a42006
037 _cTheses
040 _aCRL
_cCRL
_beng
041 _2eng
_aeng
100 _aJayswal Sipu Au.
_9552325
110 _aUniversity of Delhi. Faculty of Arts. Department of Philosophy
_978394
245 0 _aNotion of justice in early Buddhism
260 _c2016
300 _a268p.
_ap.
_ccm.
650 _aPHILOSOPHY
700 _a Prof. Hari Shankar Prasad Gu.
_9541235
700 _aUniversity of Delhi. Faculty of Arts. Department of Philosophy
_978395
942 _cDIS
_2CC
999 _c885509
_d885509